| 000 | 00895cab a2200217 4500 | ||
|---|---|---|---|
| 001 | ABS50653 | ||
| 008 | 090401t1994 xxu||||| |||| 00| 0 eng d | ||
| 035 | _a(Sirsi) u76907 | ||
| 041 | _aeng | ||
| 245 | _aFinance | ||
| 260 | _c1994 | ||
| 350 | _a0 | ||
| 490 |
_aEstates Times _v(1234) 13 May 1994, 11-14(4) |
||
| 520 | _aA feature on conditions in property investment, noting that while funds for retail and warehouse development are plentiful, there is little finance available for offices. Sees the emergence of a two-tier market resulting from the changing relationship of interest rates and property yields and suggests that lending policies are hardening. Ends with advice on tax-based leasing. | ||
| 650 | _aBANK LENDING | ||
| 650 | _aCAPITAL ALLOWANCES | ||
| 650 | _aFINANCE LEASES | ||
| 690 | _aPROPERTY-PROPERTY FINANCE AND INVESTMENT | ||
| 942 | _n0 | ||
| 948 | _c04/03/1997 | ||
| 999 |
_c48317 _d48317 |
||